| 000 | 00374nam a2200145Ia 4500 | ||
|---|---|---|---|
| 008 | 230917s9999||||xx |||||||||||||| ||und|| | ||
| 040 |
_e13965 _aMAIN |
||
| 041 | _aEnglish | ||
| 082 | _a547.139 M525E | ||
| 100 | _aMenger, FrEdric M | ||
| 245 | 0 | _aElectronic interpretation of organic chemistry | |
| 260 |
_aNew York _bPlenum _c1980 |
||
| 300 | _avii,216 p. | ||
| 942 | _cBK | ||
| 999 |
_c224137 _d224137 |
||